00618nam a22002177a 450000500170000001000130001702000190003003500130004903700160006204000120007808200150009010000170010524500410012224600060016326000510016927000560022030000250027650000500030165000260035165000230037720170124105914.0 aA-609033 c00a8170184827 aA-609033 bCen Lib/Ret aDPLbEN a304.6bRAI aRaina, B. L. aPopulation Policy /cby B. L. Raina  b  bB. R. Publishing Corporation c1988aNew Delhi bNew Delhia1,29/9, Shakti Nagar Nangia Parke110007 axvi, 231p.c20cm(Hb) aincludes bibliographical references and index aEconomic Development  aPopulation Growths